书目信息 |
| 题名: |
无机及分析化学
|
|
| 作者: | 张永安 主编 | |
| 分册: | ||
| 出版信息: | 北京 北京师范大学出版社 2009 |
|
| 页数: | 440页 | |
| 开本: | 23cm | |
| 丛书名: | ||
| 单 册: | ||
| 中图分类: | O61 , O65 | |
| 科图分类: | ||
| 主题词: | 无机化学--高等学校--教材 , 分析化学--高等学校--教材 , 无机化学 , 分析化学 | |
| 电子资源: | ||
| ISBN: | 978-7-303-09990-0 | |
| 000 | 00945nam0 2200289 45 | |
| 001 | 1029841117 | |
| 005 | 20100429092804.92 | |
| 010 | @a978-7-303-09990-0@dCNY45.00 | |
| 100 | @a20100419d2009 em y0chiy50 ea | |
| 101 | 0 | @achi |
| 102 | @aCN@b110000 | |
| 105 | @ay z 000yy | |
| 106 | @ar | |
| 200 | 1 | @a无机及分析化学@AWu Ji Ji Fen Xi Hua Xue@f张永安主编@FZhang Yong An Zhu Bian |
| 210 | @a北京@c北京师范大学出版社@d2009 | |
| 215 | @a440页@c图@d23cm | |
| 300 | @a新世纪高等学校教材 大学公共课系列教材 | |
| 330 | @a本书共分17章,内容包括:稀溶液通性和胶体溶液、化学热力学基础、沉淀溶解平衡、化学键与分析结构、配位化合物、生命必须元素与人体健康等。 | |
| 606 | 0 | @a无机化学@x高等学校@j教材 |
| 606 | 0 | @a分析化学@x高等学校@j教材 |
| 606 | 0 | @a无机化学 |
| 606 | 0 | @a分析化学 |
| 690 | @aO61@v4 | |
| 690 | @aO65@v4 | |
| 701 | 0 | @a张永安@AZhang Yong An@4主编 |
| 801 | 0 | @aCN@bTANGWEI@c20100429 |
| 905 | @b0592949-52@dO61@e141@f4 | |
| 无机及分析化学/张永安主编.-北京:北京师范大学出版社,2009 |
| 440页:图;23cm |
| 新世纪高等学校教材 大学公共课系列教材 |
| ISBN 978-7-303-09990-0:CNY45.00 |
| 本书共分17章,内容包括:稀溶液通性和胶体溶液、化学热力学基础、沉淀溶解平衡、化学键与分析结构、配位化合物、生命必须元素与人体健康等。 |
| ● |
| 相关链接 |
|
|
|
|
正题名:无机及分析化学
索取号:O61/141
 
预约/预借
| 序号 | 登录号 | 条形码 | 馆藏地/架位号 | 状态 | 备注 |
| 1 | 0592949 | 205929496 | 第二样本阅览室/ [索取号:O61/141] | 在馆 | |
| 2 | 0592950 | 205929502 | 第三借阅区/ [索取号:O61/141] | 在馆 | |
| 3 | 0592951 | 205929511 | 第三借阅区/ [索取号:O61/141] | 在馆 | |
| 4 | 0592952 | 205929520 | 化学系资料室/ [索取号:O61/141] | 在馆 |